000 00433nam a2200157 a 4500
003 PILC
005 20150902142639.0
008 030810s nyu 000 0 eng d
050 0 0 _aPS 3569.E547
_b.Se464 1964
100 1 _aSelby, Hubert.
245 1 0 _aLast exit to Brooklyn /
_cby Hubert Selby, Jr.
250 _a1st pbk. ed.
260 _aNew York :
_bGrove Press,
_c1964.
300 _a311 pages ;
_c18 cm.
942 _2lcc
_cBK
_kFOR
999 _c288576
_d288576